000 00554cam a2200217 a 4500
001 3770468
005 20180112040839.0
008 831215s1984 nyua b 001 0beng
010 _a 83051330
020 _a0500201951 (pbk.) :
_c$9.95
040 _aDLC
_cDLC
_dDLC
041 _aeng
080 _a760.0924 WHI
082 0 0 _a760.0924 WHI
_aB
_219
100 1 _a44
101 _aART
245 1 0 _aRembrandt /
_cChristopher White.
504 _aBibliography: p. 213-214.
906 _a7
_bcbc
_corignew
_d3
_eocip
_f19
_gy-gencatlg
942 _2ddc
_cBK
999 _c40171
_d40171